000 01548cam a22003977a 4500
001 2997
005 20240131150545.0
020 _a9780618999866
040 _aBTCTA
_cBTCTA
_dBAKER
_dCXP
_dDLC
_beng
050 0 0 _aPS3619.A3
_b 2008
082 0 0 _a495
100 1 _aSacks, Marcy Goldberg
_d1974-
245 1 0 _aCurious George plays mini golf /
_cadaptation by Marcy Goldberg Sacks.
260 _aBoston :
_bHoughton Mifflin Company ,
_c2008
300 _a22 pages :
_bcolor illustrations ;
_c24 cm.
490 _a Curious George
500 _a"Based on the TV series teleplay written by Craig Miller."
500 _a"PBS Kids"--Cover.
505 _aJ
520 _aCurious George is playing miniature golf for the first time. He learns that numbers can mean different things, depending where they are used. In this case, he learns that in golf, the biggest score is not the best. Includes two pages of activities, including how to make your own mini mini golf course.
521 _a460
_bLexile
521 _aJ
_bRaz-Plus
650 0 _aMonkeys
_vJuvenile fiction.
650 0 _aMiniature golf
_vJuvenile fiction.
650 0 _aGolf stories.
650 0 _aCounting
_vJuvenile fiction.
650 1 _aMonkeys
_vFiction.
650 1 _aMiniature golf
_vFiction.
650 1 _aGolf
_vFiction.
650 1 _aCounting
_vFiction.
700 1 _aMiller, Craig
_d1954-
700 1 _aRey, Margret.
700 1 _aRey, H. A.
_q(Hans Augusto),
_d1898-1977.
906 _a7
_bcbc
_ccopycat
_d2
_encip
_f20
_gy-gencatlg
942 _2ddc
_cBK
_n0
999 _c2997
_d2997